Academy Award Nominees for All Acting Awards (1975-1999) - Statistics

General Stats
  • This quiz has been taken 83 times
  • The average score is 302 of 500
Answer Stats
Award Year Film Role Answer % Correct
BLR 1975 Dog Day Afternoon Sonny Wortzik Al Pacino
100%
BLR 1979 ...And Justice for All Arthur Kirkland Al Pacino
100%
BLR 1992 Scent of a Woman Lt. Col. Frank Slade Al Pacino
100%
BSR 1990 Dick Tracy Alphonse "Big Boy" Caprice Al Pacino
100%
BSR 1992 Glengarry Glen Ross Richard "Ricky" Roma Al Pacino
100%
BLR 1991 The Silence of the Lambs Dr. Hannibal Lecter Anthony Hopkins
100%
BLR 1993 The Remains of the Day James Stevens Anthony Hopkins
100%
BLR 1995 Nixon Richard Nixon Anthony Hopkins
100%
BSR 1997 Amistad John Quincy Adams Anthony Hopkins
100%
BLR 1992 Malcolm X Malcolm Little/Malcolm X Denzel Washington
100%
BLR 1999 The Hurricane Rubin "The Hurricane" Carter Denzel Washington
100%
BSR 1987 Cry Freedom Steve Biko Denzel Washington
100%
BSR 1989 Glory Pvt. Silas Trip Denzel Washington
100%
BLR 1979 Kramer vs. Kramer Ted Kramer Dustin Hoffman
100%
BLR 1982 Tootsie Michael Dorsey/Dorothy Michaels Dustin Hoffman
100%
BLR 1988 Rain Man Raymond Babbitt Dustin Hoffman
100%
BLR 1997 Wag the Dog Stanley Motss Dustin Hoffman
100%
BLR 1975 One Flew Over the Cuckoo's Nest Randle Patrick McMurphy Jack Nicholson
100%
BLR 1985 Prizzi's Honor Charley Partanna Jack Nicholson
100%
BLR 1987 Ironweed Francis Phelan Jack Nicholson
100%
BLR 1997 As Good as It Gets Melvin Udall Jack Nicholson
100%
BSR 1981 Reds Eugene O'Neill Jack Nicholson
100%
BSR 1983 Terms of Endearment Garrett Breedlove Jack Nicholson
100%
BSR 1992 A Few Good Men Col. Nathan R. Jessep Jack Nicholson
100%
BLR 1977 Saturday Night Fever Tony Manero John Travolta
100%
BLR 1994 Pulp Fiction Vincent Vega John Travolta
100%
BLR 1997 Good Will Hunting Will Hunting Matt Damon
100%
BLS 1981 The French Lieutenant's Woman Sara Woodruff and Anna Meryl Streep
100%
BLS 1982 Sophie's Choice Sophie Zawistowski Meryl Streep
100%
BLS 1983 Silkwood Karen Silkwood Meryl Streep
100%
BLS 1985 Out of Africa Karen Blixen Meryl Streep
100%
BLS 1987 Ironweed Helen Archer Meryl Streep
100%
BLS 1988 A Cry in the Dark Lindy Chamberlain Meryl Streep
100%
BLS 1990 Postcards from the Edge Suzanne Vale Meryl Streep
100%
BLS 1995 The Bridges of Madison County Francesca Johnson Meryl Streep
100%
BLS 1998 One True Thing Kate Gulden Meryl Streep
100%
BLS 1999 Music of the Heart Roberta Guaspari Meryl Streep
100%
BSS 1978 The Deer Hunter Linda Meryl Streep
100%
BSS 1979 Kramer vs. Kramer Joanna (Stern) Kramer Meryl Streep
100%
BLR 1976 Taxi Driver Travis Bickle Robert De Niro
100%
BLR 1978 The Deer Hunter Michael Vronsky Robert De Niro
100%
BLR 1980 Raging Bull Jake LaMotta Robert De Niro
100%
BLR 1990 Awakenings Leonard Lowe Robert De Niro
100%
BLR 1991 Cape Fear Max Cady Robert De Niro
100%
BLR 1987 Good Morning, Vietnam Adrian Cronauer Robin Williams
100%
BLR 1989 Dead Poets Society John Keating Robin Williams
100%
BLR 1991 The Fisher King Henry "Parry" Sagan Robin Williams
100%
BSR 1997 Good Will Hunting Sean Maguire Robin Williams
100%
BLR 1976 Rocky Rocky Balboa Sylvester Stallone
100%
BLR 1989 Born on the Fourth of July Ron Kovic Tom Cruise
100%
BLR 1996 Jerry Maguire Jerry Maguire Tom Cruise
100%
BSR 1999 Magnolia Frank TJ Mackey Tom Cruise
100%
BLR 1988 Big Josh Baskin Tom Hanks
100%
BLR 1993 Philadelphia Andrew Beckett Tom Hanks
100%
BLR 1994 Forrest Gump Forrest Gump Tom Hanks
100%
BLR 1998 Saving Private Ryan Captain John H. Miller Tom Hanks
100%
BSR 1996 Shine Peter Helfgott Armin Mueller-Stahl
98%
BLS 1997 Titanic Rose DeWitt Bukater Kate Winslet
98%
BSS 1995 Sense and Sensibility Marianne Dashwood Kate Winslet
98%
BLR 1989 Driving Miss Daisy Hoke Colburn Morgan Freeman
98%
BLR 1994 The Shawshank Redemption Ellis Boyd "Red" Redding Morgan Freeman
98%
BSR 1987 Street Smart Leo "Fast Black" Smalls Jr. Morgan Freeman
98%
BLR 1990 Dances With Wolves Lt. John J. Dunbar Kevin Costner
96%
BLR 1999 American Beauty Lester Burnham Kevin Spacey
96%
BSR 1995 The Usual Suspects Roger "Verbal" Kint Kevin Spacey
96%
BLR 1993 Schindler's List Oskar Schindler Liam Neeson
96%
BLS 1998 Shakespeare in Love Viola de Lesseps Gwyneth Paltrow
94%
BLR 1985 Witness John Book Harrison Ford
94%
BLS 1988 The Accused Sarah Tobias Jodie Foster
94%
BLS 1991 The Silence of the Lambs Clarice Starling Jodie Foster
94%
BLS 1994 Nell Nell Kellty Jodie Foster
94%
BSS 1976 All the President's Men Judy 'The Bookkeeper' Hoback Jodie Foster
94%
BSS 1976 Taxi Driver Iris 'Easy' Steensma Jodie Foster
94%
BLS 1999 The End of the Affair Sarah Miles Julianne Moore
94%
BSS 1997 Boogie Nights Maggie/Amber Waves Julianne Moore
94%
BLR 1995 Leaving Las Vegas Ben Sanderson Nicolas Cage
94%
BLR 1992 Unforgiven Will Munny Clint Eastwood
92%
BLR 1989 My Left Foot Christy Brown Daniel Day-Lewis
92%
BLR 1993 In the Name of the Father Gerard "Gerry" Conlon Daniel Day-Lewis
92%
BLS 1977 Annie Hall Annie Hall Diane Keaton
92%
BLS 1981 Reds Louise Bryant Diane Keaton
92%
BLS 1996 Marvin's Room Bessie Wakefield Diane Keaton
92%
BLR 1981 Arthur Arthur Bach Dudley Moore
92%
BLS 1991 Thelma & Louise Thelma Dickinson Geena Davis
92%
BSS 1988 The Accidental Tourist Muriel Pritchett Geena Davis
92%
BLR 1981 On Golden Pond Norman Thayer Jr. Henry Fonda
92%
BLS 1977 Julia Lillian Hellman Jane Fonda
92%
BLS 1978 Coming Home Sally Hyde Jane Fonda
92%
BLS 1979 The China Syndrome Kimberly Wells Jane Fonda
92%
BLS 1986 The Morning After Alex Sternbergen/Viveca Van Loren Jane Fonda
92%
BSS 1981 On Golden Pond Chelsea Thayer-Wayne Jane Fonda
92%
BLS 1990 Pretty Woman Vivian Ward Julia Roberts
92%
BSS 1989 Steel Magnolias Shelby Eatenton-Latcherie Julia Roberts
92%
BLS 1980 Ordinary People Beth Jarrett Mary Tyler Moore
92%
BLR 1997 Ulee's Gold Ulysses "Ulee" Jackson Peter Fonda
92%
BSR 1994 Pulp Fiction Jules Winnfield Samuel L. Jackson
92%
BLS 1986 Aliens Ellen Ripley Sigourney Weaver
92%
BLS 1988 Gorillas in the Mist Dian Fossey Sigourney Weaver
92%
BSS 1988 Working Girl Katharine Parker Sigourney Weaver
92%
BLR 1977 Annie Hall Alvy Singer Woody Allen
92%
BSR 1985 Runaway Train Buck McGeehy Eric Roberts
90%
BLS 1975 Hedda Hedda Gabler Glenda Jackson
90%
BSS 1995 Nixon First Lady Thelma 'Pat' Nixon Joan Allen
90%
BSS 1996 The Crucible Elizabeth Proctor Joan Allen
90%
BSR 1980 Raging Bull Joey LaMotta Joe Pesci
90%
BSR 1990 GoodFellas Tommy DeVito Joe Pesci
90%
BLS 1984 A Passage to India Adela Quested Judy Davis
90%
BSS 1992 Husbands and Wives Sally Simmons Judy Davis
90%
BLR 1981 Absence of Malice Michael Gallagher Paul Newman
90%
BLR 1982 The Verdict Frank Galvin Paul Newman
90%
BLR 1986 The Color of Money "Fast" Eddie Felson Paul Newman
90%
BLR 1994 Nobody's Fool Donald "Sully" Sullivan Paul Newman
90%
BLR 1996 The English Patient Count László de Almásy Ralph Fiennes
90%
BSR 1993 Schindler's List Amon Göth Ralph Fiennes
90%
BLS 1976 Carrie Carrie White Sissy Spacek
90%
BLS 1980 Coal Miner's Daughter Loretta Lynn Sissy Spacek
90%
BLS 1982 Missing Beth Horman Sissy Spacek
90%
BLS 1984 The River Mae Garvey Sissy Spacek
90%
BLS 1986 Crimes of the Heart Babe Botrelle/Rebecca MaGrath Sissy Spacek
90%
BLR 1982 Gandhi Mahatma Gandhi Ben Kingsley
88%
BSR 1991 Bugsy Meyer Lansky Ben Kingsley
88%
BLS 1987 Moonstruck Loretta Castorini Cher
88%
BSS 1983 Silkwood Dolly Pelliker Cher
88%
BSS 1986 A Room with a View Janine 'Smurf' Cody Jacki Weaver
88%
BLS 1990 Misery Annie Wilkes Kathy Bates
88%
BSS 1998 Primary Colors Libby Holden Kathy Bates
88%
BSR 1979 Being There Benjamin Rand Melvyn Douglas
88%
BLR 1987 Wall Street Gordon Gekko Michael Douglas
88%
BSR 1991 JFK Clay Shaw Tommy Lee Jones
88%
BSR 1993 The Fugitive US Marshal Samuel Gerard Tommy Lee Jones
88%
BSR 1975 Dog Day Afternoon Leon Shermer Chris Sarandon
86%
BLR 1998 American History X Derek Vinyard Edward Norton
86%
BSR 1996 Primal Fear Aaron Stampler Edward Norton
86%
BLS 1992 Howards End Margaret Schlegel Emma Thompson
86%
BLS 1993 The Remains of the Day Sarah "Sally" Kenton Emma Thompson
86%
BLS 1995 Sense and Sensibility Elinor Dashwood Emma Thompson
86%
BSS 1993 In the Name of the Father Gareth Peirce Emma Thompson
86%
BLS 1987 Fatal Attraction Alex Forrest Glenn Close
86%
BLS 1988 Dangerous Liaisons Marquise Isabelle de Merteuil Glenn Close
86%
BSS 1982 The World According to Garp Jenny Fields Glenn Close
86%
BSS 1983 The Big Chill Dr. Sarah Cooper Glenn Close
86%
BSS 1984 The Natural Iris Gaines Glenn Close
86%
BLS 1997 As Good as It Gets Carol Connelly Helen Hunt
86%
BSR 1993 What's Eating Gilbert Grape Arnold "Arnie" Grape Leonardo DiCaprio
86%
BSS 1983 The Year of Living Dangerously Billy Kwan Linda Hunt
86%
BLS 1981 Atlantic City Sally Matthews Susan Sarandon
86%
BLS 1991 Thelma & Louise Louise Sawyer Susan Sarandon
86%
BLS 1992 Lorenzo's Oil Michaela Murphy Odone Susan Sarandon
86%
BLS 1994 The Client Regina "Reggie" Love Susan Sarandon
86%
BLS 1995 Dead Man Walking Helen Prejean Susan Sarandon
86%
BLS 1985 The Color Purple Celie Harris-Johnson Whoopi Goldberg
86%
BSS 1990 Ghost Oda Mae Brown Whoopi Goldberg
86%
BLS 1996 Fargo Marge Gunderson Frances McDormand
84%
BSS 1988 Mississippi Burning Mrs. Pell Frances McDormand
84%
BLR 1983 Educating Rita Dr. Frank Bryant Michael Caine
84%
BSR 1986 Hannah and Her Sisters Elliott Daniels Michael Caine
84%
BSR 1999 The Cider House Rules Dr. Wilbur Larch Michael Caine
84%
BLS 1999 Boys Don't Cry Brandon Teena Hilary Swank
82%
BLR 1980 The Elephant Man John Merrick John Hurt
82%
BSR 1978 Midnight Express Max John Hurt
82%
BLR 1992 Chaplin Charlie Chaplin Robert Downey Jr.
82%
BLR 1980 The Great Santini Lt. Col. Wilbur "Bull" Meechum Robert Duvall
82%
BLR 1983 Tender Mercies Mac Sledge Robert Duvall
82%
BLR 1997 The Apostle Euliss "Sonny" Dewey/The Apostle E.F. Robert Duvall
82%
BSR 1979 Apocalypse Now Lt. Col. Bill Kilgore Robert Duvall
82%
BSR 1998 A Civil Action Jerome Facher Robert Duvall
82%
BLS 1979 Norma Rae Norma Rae Webster Sally Field
82%
BLS 1984 Pieces in the Heart Edna Spalding Sally Field
82%
BLS 1995 Casino Ginger McKenna Sharon Stone
82%
BSR 1995 Apollo 13 Gene Kranz Ed Harris
80%
BSR 1998 The Truman Show Christof Ed Harris
80%
BLS 1997 Mrs Brown Queen Victoria Judi Dench
80%
BSS 1998 Shakespeare in Love Queen Elizabeth I Judi Dench
80%
BLR 1985 Kiss of the Spider Woman Luis Molina William Hurt
80%
BLR 1986 Children of a Lesser God James Leeds William Hurt
80%
BLR 1987 Broadcast News Tom Grunick William Hurt
80%
BLR 1988 Mississippi Burning Rupert Anderson Gene Hackman
78%
BSR 1992 Unforgiven "Little" Bill Daggett Gene Hackman
78%
BLS 1987 Broadcast News Jane Craig Holly Hunter
78%
BLS 1993 The Piano Ada McGrath Holly Hunter
78%
BSS 1993 The Firm Tammy Hemphill Holly Hunter
78%
BLS 1981 On Golden Pond Ethel Thayer Katharine Hepburn
78%
BSR 1976 Network Arthur Jensen Ned Beatty
78%
BLR 1990 The Field "Bull" McCabe Richard Harris
78%
BSS 1994 Tom & Viv Rose Esther Haigh-Wood Rosemary Harris
78%
BLR 1978 Heaven Can Wait Joe Pendleton/Leo Farnsworth/Tom Jarrett Warren Beatty
78%
BLR 1981 Reds John "Jack" Reed Warren Beatty
78%
BLR 1991 Bugsy Benjamin "Bugsy" Siegel Warren Beatty
78%
BSR 1995 12 Monkeys Jeffrey Goines Brad Pitt
76%
BLS 1998 Elizabeth Queen Elizabeth I Cate Blanchett
76%
BLR 1977 The Goodbye Girl Elliot Garfield Richard Dreyfuss
76%
BLR 1995 Mr. Holland's Opus Glenn Holland Richard Dreyfuss
76%
BLS 1977 The Turning Point Deedee Rodgers Shirley MacLaine
76%
BLS 1983 Terms of Endearment Aurora Greenway Shirley MacLaine
76%
BSS 1994 Pulp Fiction Mia Wallace Uma Thurman
76%
BLR 1996 The People vs. Larry Flynt Larry Flynt Woody Harrelson
76%
BSS 1999 Girl, Interrupted Lisa Rowe Angelina Jolie
74%
BLS 1999 American Beauty Carolyn Burnham Annette Bening
74%
BSS 1990 The Grifters Myra Langtry Annette Bening
74%
BLR 1984 Amadeus Antonio Salieri F. Murray Abraham
74%
BLR 1996 Shine David Helfgott Geoffrey Rush
74%
BSR 1998 Shakespeare in Love Philip Henslowe Geoffrey Rush
74%
BSS 1978 California Suite Diana Barrie Maggie Smith
74%
BLR 1998 Life Is Beautiful Guido Orefice Roberto Benigni
74%
BLS 1994 Little Women Josephine "Jo" March Winona Ryder
74%
BSS 1993 The Age of Innocence May Welland-Archer Winona Ryder
74%
BLR 1996 Sling Blade Karl Childers Billy Bob Thornton
72%
BSR 1998 A Simple Plan Jacob Mitchell Billy Bob Thornton
72%
BSR 1978 The Deer Hunter Nikanor "Nick" Chevotarevich Christopher Walken
72%
BLS 1976 Network Diana Christensen Faye Dunaway
72%
BLS 1980 Private Benjamin Judy Benjamin Goldie Hawn
72%
BLS 1989 Driving Miss Daisy Daisy Werthan Jessica Tandy
72%
BSS 1991 Fried Green Tomatoes Virginia 'Ninny' Threadgoode Jessica Tandy
72%
BLR 1978 Coming Home Luke Martin Jon Voight
72%
BLR 1985 Runaway Train Oscar "Manny" Manheim Jon Voight
72%
BLS 1989 The Fabulous Baker Boys Susie Diamond Michelle Pfeiffer
72%
BLS 1992 Love Field Louise Irene "Lurene" Hallett Michelle Pfeiffer
72%
BSS 1988 Dangerous Liaisons Madame Marie de Tourvel Michelle Pfeiffer
72%
BSR 1987 The Untouchables Jimmy Malone Sean Connery
72%
BSR 1977 Star Wars Obi-Wan Kenobi Alec Guinness
70%
BSR 1988 Little Dorrit William Dorrit Alec Guinness
70%
BLS 1993 What's Love Got to Do with It Anna Mae Bullock/Tina Turner Angela Bassett
70%
BSR 1999 The Talented Mr. Ripley Dickie Greenleaf Jude Law
70%
BLS 1975 One Flew Over the Cuckoo's Nest Nurse Mildred Ratched Louise Fletcher
70%
BLS 1986 Children of a Lesser God Sarah Norman Marlee Matlin
70%
BSR 1996 Jerry Maguire Rod Tidwell Cuba Gooding Jr.
68%
BLS 1982 Victor/Victoria Victor Grazinski/Victoria Grant Julie Andrews
68%
BSR 1988 A Fish Called Wanda Otto West Kevin Kline
68%
BLR 1995 Dead Man Walking Matthew Poncelet Sean Penn
68%
BLR 1999 Sweet and Lowdown Emmet Ray Sean Penn
68%
BLR 1984 Starman Scott "Starman" Hayden Jeff Bridges
66%
BSR 1978 Coming Home Captain Bob Hyde Bruce Dern
64%
BLS 1982 Frances Frances Farmer Jessica Lange
64%
BLS 1984 Country Jewell Ivy Jessica Lange
64%
BLS 1985 Sweet Dreams Patsy Cline Jessica Lange
64%
BLS 1989 Music Box Ann Talbot Jessica Lange
64%
BLS 1994 Blue Sky Carly Marshall Jessica Lange
64%
BSS 1982 Tootsie Julie Nichols Jessica Lange
64%
BLS 1991 Rambling Rose Rose Laura Dern
64%
BLS 1988 Working Girl Tess McGill Melanie Griffith
64%
BLR 1976 Network Howard Beale Peter Finch
64%
BLR 1999 The Insider Jeffrey Wingand Russell Crowe
64%
BLS 1995 Leaving Las Vegas Sera Elisabeth Shue
62%
BLR 1998 Gods and Monsters James Whale Ian McKellen
62%
BLS 1986 Peggy Sue Got Married Peggy Sue Kelcher-Bodell Kathleen Turner
62%
BSS 1985 The Color Purple Soffia Johnson Oprah Winfrey
62%
BSR 1986 Platoon Sgt. Elias Grodin Willem Dafoe
62%
BLS 1997 The Wings of the Dove Kate Croy Helena Bonham Carter
60%
BLR 1990 Reversal of Fortune Claus von Bülow Jeremy Irons
60%
BSS 1991 Cape Fear Danielle Bowden Juliette Lewis
60%
BLR 1993 What's Love Got to Do with It Ike Turner Laurence Fishburne
60%
BSR 1989 A Dry White Season Ian Mackenzie Marlon Brando
60%
BLS 1976 Rocky Adrian Pennino Talia Shire
60%
BLS 1990 The Grifters Lilly Dillon Anjelica Huston
58%
BSS 1985 Prizzi's Honor MaeRose Prizzi Anjelica Huston
58%
BSS 1989 Enemies, A Love Story Tamara Luria-Broder Anjelica Huston
58%
BSR 1994 Forrest Gump Lt. Dan Taylor Gary Sinise
58%
BLR 1990 Cyrano de Bergerac Cyrano de Bergerac Gérard Depardieu
58%
BLR 1989 Henry V King Henry V Kenneth Branagh
58%
BLR 1991 The Prince of Tides Tom Wingo Nick Nolte
58%
BLR 1998 Affliction Wade Whitehouse Nick Nolte
58%
BLR 1980 The Stunt Man Eli Cross Peter O'Toole
58%
BLR 1982 My Favorite Year Alan Swann Peter O'Toole
58%
BSS 1994 The Madness of King George Queen Charlotte of Hanover Helen Mirren
56%
BLR 1979 The China Syndrome Jack Godell Jack Lemmon
56%
BLR 1980 Tribute Scottie Templeton Jack Lemmon
56%
BLR 1982 Missing Edmund Horman Jack Lemmon
56%
BSS 1997 LA Confidential Lynn Bracken Kim Basinger
56%
BSS 1992 My Cousin Vinny Mona Lisa Vito Marisa Tomei
56%
BSR 1988 Tucker: The Man and His Dream Abe Karatz Martin Landau
56%
BSR 1989 Crimes and Misdemeanors Judah Rosenthal Martin Landau
56%
BSR 1994 Ed Wood Béla Lugosi Martin Landau
56%
BLR 1979 All That Jazz Joe Gideon Roy Scheider
56%
BSR 1996 Fargo Jerry Lundegaard William H. Macy
56%
BLS 1979 The Rose Mary Rose Foster Bette Midler
54%
BLS 1991 For the Boys Dixie Leonard Bette Midler
54%
BSR 1997 Boogie Nights Jack Horner Burt Reynolds
54%
BLS 1982 An Officer and a Gentleman Paula Pokrifki Debra Winger
54%
BLS 1983 Terms of Endearment Emma Greenway Horton Debra Winger
54%
BLS 1993 Shadowlands Joy Davidman Debra Winger
54%
BLR 1978 The Boys from Brazil Ezra Lieberman Laurence Olivier
54%
BSR 1976 Marathon Man Dr. Christian Szell Laurence Olivier
54%
BSS 1998 Gods and Monsters Hanna Lynn Redgrave
54%
BLR 1984 Amadeus Wolfgang Amadeus Mozart Tom Hulce
54%
BLS 1984 The Bostonians Olive Chancellor Vanessa Redgrave
54%
BSS 1977 Julia Julia Vanessa Redgrave
54%
BSS 1992 Howards End Mrs. Ruth Wilcox Vanessa Redgrave
54%
BSS 1993 The Piano Flora McGrath Anna Paquin
52%
BLS 1978 Interiors Eve Geraldine Page
52%
BLS 1985 The Trip to Bountiful Carrie Watts Geraldine Page
52%
BSS 1984 The Pope of Greenwich Village Mrs. Ritter Geraldine Page
52%
BLS 1996 The English Patient Katharine Clifton Kristin Scott Thomas
52%
BLS 1977 The Turning Point Emma Jacklin Anne Bancroft
50%
BLS 1985 Agnes of God Miriam Ruth/Anna Maria Burchetti Anne Bancroft
50%
BLS 1983 Educating Rita Susan White/Rita Julie Walters
50%
BSR 1999 The Green Mile John Coffey Michael Clarke Duncan
50%
BLR 1992 The Crying Game Fergus Stephen Rea
50%
BSS 1999 The Sixth Sense Lynn Sear Toni Collette
50%
BSR 1990 The Godfather Part III Vincent Mancini Andy Garcia
48%
BSS 1979 Starting Over Jessica Potter Candice Bergen
48%
BLS 1978 Same Time, Next Year Doris Ellen Burstyn
48%
BLS 1980 Resurrection Edna Mae Harper-McCauley Ellen Burstyn
48%
BLS 1978 Autumn Sonata Charlotte Andergast Ingrid Bergman
48%
BSR 1982 The Verdict Ed Concannon James Mason
48%
BLR 1986 Salvador Richard Boyle James Woods
48%
BSR 1996 Ghosts of Mississippi Byron De La Beckwith James Woods
48%
BSR 1976 All the President's Men Ben Bradlee Jason Robards
48%
BSR 1977 Julia Dashiell Hammett Jason Robards
48%
BSR 1980 Melvin and Howard Howard Hughes Jason Robards
48%
BLS 1977 The Goodbye Girl Paula McFadden Marsha Mason
48%
BLS 1979 Chapter Two Jennie MacLaine Marsha Mason
48%
BLS 1981 Only When I Laugh Georgia Hines Marsha Mason
48%
BLR 1986 Mona Lisa George Bob Hoskins
46%
BSR 1984 Places in the Heart Mr. Will John Malkovich
46%
BSR 1993 In the Line of Fire Mitch Leary John Malkovich
46%
BSS 1996 The English Patient Hana Juliette Binoche
46%
BLR 1979 Being There Chance the gardener/Chauncey Gardiner Peter Sellers
46%
BSR 1980 Ordinary People Conrad Jarrett Timothy Hutton
46%
BLR 1975 The Sunshine Boys Willy Clark Walter Matthau
46%
BLR 1983 The Dresser Sir Albert Finney
44%
BLR 1984 Under the Volcano Geoffrey Firmin Albert Finney
44%
BSR 1989 Driving Miss Daisy Boolie Werthan Dan Aykroyd
44%
BSS 1986 Hannah and Her Sisters Holly Dianne Wiest
44%
BSS 1989 Parenthood Helen Buckman Dianne Wiest
44%
BSS 1994 Bullets Over Broadway Helen Sinclair Dianne Wiest
44%
BLS 1996 Breaking the Waves Bess McNeill Emily Watson
44%
BLS 1998 Hilary and Jackie Jacqueline du Pré Emily Watson
44%
BLR 1978 The Buddy Holly Story Buddy Holly Gary Busey
44%
BSR 1975 The Sunshine Boys Al Lewis George Burns
44%
BSR 1997 As Good as It Gets Simon Bishop Greg Kinnear
44%
BSS 1997 Good Will Hunting Skylar Minnie Driver
44%
BSR 1984 The Karate Kid Mr. Miyagi Pat Morita
44%
BSR 1988 Running on Empty Danny Pope River Phoenix
44%
BSR 1987 Broadcast News Aaron Altman Albert Brooks
42%
BLS 1975 Tommy Nora Walker Ann-Margret
42%
BLS 1990 Mr. & Mrs. Bridge India Bridge Joanne Woodward
42%
BSS 1995 Mighty Aphrodite Leslie Ash/Linda Mira Sorvino
42%
BLR 1994 The Madness of King George King George III Nigel Hawthorne
42%
BLS 1993 Six Degrees of Separation Louisa "Ouisa" Kittredge Stockard Channing
42%
BLR 1976 Network Max Schumacher William Holden
42%
BLR 1981 Atlantic City Lou Pascal Burt Lancaster
40%
BLR 1988 Stand and Deliver Jaime Escalante Edward James Olmos
40%
BLS 1980 Gloria Gloria Swenson Gena Rowlands
40%
BSR 1984 The Killing Fields Dith Pran Haing S. Ngor
40%
BSR 1991 City Slickers Curly Washburn Jack Palance
40%
BLS 1997 Afterglow Phyllis Hart Julie Christie
40%
BLR 1999 The Straight Story Alvin Straight Richard Farnsworth
40%
BSR 1978 Comes a Horseman Dodger Richard Farnsworth
40%
BLS 1996 Secrets & Lies Cynthia Rose Purley Brenda Blethyn
38%
BSS 1998 Little Voice Mari Hoff Brenda Blethyn
38%
BSR 1992 The Crying Game Dil Jaye Davidson
38%
BSS 1988 Working Girl 'Cyn' Joan Cusack
38%
BSS 1997 In & Out Emily Montgomery Joan Cusack
38%
BSR 1982 The World According to Garp Roberta Muldoon John Lithgow
38%
BSR 1983 Terms of Endearment Sam Burns John Lithgow
38%
BSR 1982 An Officer and a Gentleman Gunnery Sgt. Emil Foley Louis Gossett Jr.
38%
BLR 1988 Pelle the Conquerer Lassefar "Lasse" Karlsson Max von Sydow
38%
BLS 1989 Shirley Valentine Shirley Valentine-Bradshaw Pauline Collins
38%
BSR 1977 Equus Alan Strang Peter Firth
38%
BLR 1977 Equus Martin Dysart Richard Burton
38%
BLR 1983 Reuben, Reuben Gowan McGland Tom Conti
38%
BSS 1979 Breaking Away Evelyn Stohler Barbara Barrie
36%
BSR 1975 The Day of the Locust Harry Greener Burgess Meredith
36%
BSR 1976 Rocky Mickey Goldmill Burgess Meredith
36%
BSR 1995 Babe Arthur Hoggett James Cromwell
36%
BLR 1985 Murphy's Romance Murphy Jones James Garner
36%
BSR 1980 Ordinary People Dr. Tyrone C. Berger Judd Hirsch
36%
BLS 1994 Tom & Viv Vivienne Haigh-Wood Miranda Richardson
36%
BSS 1992 Damage Ingrid Thompson-Fleming Miranda Richardson
36%
BSR 1984 Greystroke: The Legend of Tarzan, Lord of the Apes The Sixth Earl of Greystroke Ralph Richardson
36%
BSR 1997 Jackie Brown Max Cherry Robert Forster
36%
BLR 1984 The Killing Fields Sydney Schanberg Sam Waterston
36%
BSS 1989 My Left Foot Birdget Fagan Brown Brenda Fricker
34%
BLS 1975 Hester Street Gitl Carol Kane
34%
BLS 1992 Indochine Éliane Devries Catherine Deneuve
34%
BLS 1975 The Story of Adele H. Adele Hugo/Adele Lewly Isabelle Adjani
34%
BLS 1989 Camille Claudel Camille Claudel Isabelle Adjani
34%
BSR 1981 Arthur Hobson John Gielgud
34%
BSS 1975 Shampoo Felicia Karpf Lee Grant
34%
BSS 1976 Voyage of the Damned Lili Rosen Lee Grant
34%
BSS 1987 Moonstruck Rose Castorini Olympia Dukakis
34%
BSR 1986 Platoon Sgt. Bob Barnes Tom Berenger
34%
BLR 1983 The Dresser Norman Tom Courtenay
34%
BSS 1976 Network Louise Schumacher Beatrice Straight
32%
BSR 1976 Rocky Paulie Pennino Burt Young
32%
BSS 1999 Being John Malkovich Maxine Lund Catherine Keener
32%
BSR 1989 Do the Right Thing Sal Frangione Danny Aiello
32%
BSR 1986 Hoosiers Wilbur "Shooter" Flatch Dennis Hopper
32%
BLS 1998 Central Station Isadora "Dora" Teixeira Fernanda Montenegro
32%
BSR 1981 Chariots of Fire Sam Mussabini Ian Holm
32%
BLS 1978 An Unmarried Woman Erica Benton Jill Clayburgh
32%
BLS 1979 Starting Over Marilyn Holmberg Jill Clayburgh
32%
BLR 1977 A Special Day Gabriele Marcello Mastroianni
32%
BLR 1987 Dark Eyes Romano Patroni Marcello Mastroianni
32%
BLR 1975 The Man in the Glass Booth Arthur Goldman Maximilian Schell
32%
BSR 1977 Julia Johann Maximilian Schell
32%
BSR 1995 Rob Roy Archibald Cunningham Tim Roth
32%
BSR 1998 Affliction Glen Whitehouse James Coburn
30%
BLS 1999 Tumbleweeds Mary Jo Walker Janet McTeer
30%
BSS 1975 Nashville Linnea Reese Lily Tomlin
30%
BLS 1992 Passion Fish May-Alice Culhane Mary McDonnell
30%
BSS 1990 Dances With Wolves Stands With A Fist Mary McDonnell
30%
BSS 1980 Melvin and Howard Lynda West-Dummar Mary Steenburgen
30%
BLR 1995 Il Postino: The Postman Mario Ruoppolo Massimo Troisi
30%
BSS 1999 Sweet and Lowdown Hattie Samantha Morton
30%
BSS 1983 Yentl Hadass Vishkower Amy Irving
28%
BSR 1975 One Flew Over the Cuckoo's Nest Billy Bibbit Brad Dourif
28%
BSR 1990 Longtime Companion David Bruce Davison
28%
BSS 1999 Boys Don't Cry Lana Tisdel Chloë Sevigny
28%
BSS 1990 Wild at Heart Marietta Fortune Diane Ladd
28%
BSS 1991 Rambling Rose Mrs. Hillyer Diane Ladd
28%
BLR 1986 Round Midnight Dale Turner Dexter Gordon
28%
BLR 1976 Seven Beauties Pasqualino Frafuso Giancarlo Giannini
28%
BSR 1990 Dances With Wolves Kicking Bird Graham Greene
28%
BLS 1983 Testament Carol Wetherly Jane Alexander
28%
BSS 1979 Kramer vs. Kramer Margaret Phelps Jane Alexander
28%
BSS 1990 GoodFellas Karen Hill Lorraine Bracco
28%
BSR 1985 Cocoon Arthur Selwyn Don Ameche
26%
BSS 1997 Titanic Rose Dawson-Calvert Gloria Stuart
26%
BSR 1991 Bugsy Mickey Cohen Harvey Keitel
26%
BSR 1983 Cross Creek Marsh Turner Rip Torn
26%
BSR 1982 The Best Little Whorehouse in Texas The Governor of Texas Charles Durning
24%
BSR 1983 To Be or Not to Be Colonel Erhardt Charles Durning
24%
BSS 1980 Private Benjamin Capt. Doreen Lewis Eileen Brennan
24%
BSR 1979 The Rose Houston Dyer Frederic Forrest
24%
BLR 1975 Give 'em Hell, Harry! Harry S. Truman James Whitmore
24%
BSS 1994 Bullets Over Broadway Olive Neal Jennifer Tilly
24%
BSR 1979 Kramer vs. Kramer Billy Kramer Justin Henry
24%
BSS 1996 The Mirror Has Two Faces Hannah Morgan Lauren Bacall
24%
BLS 1976 Face to Face Jenny Isaksson Liv Ullmann
24%
BSS 1978 Interiors Pearl Maureen Stapleton
24%
BSS 1981 Reds Emma Goldman Maureen Stapleton
24%
BSS 1985 Agnes of God Sister Agnes Devereaux Meg Tilly
24%
BSR 1979 The Black Stallion Henry Dailey Mickey Rooney
24%
BSR 1994 Quiz Show Mark Van Doren Paul Scofield
24%
BSS 1984 A Passage to India Mrs. Moore Peggy Ashcroft
24%
BSS 1976 Carrie Margaret White Piper Laurie
24%
BSS 1986 Children of a Lesser God Mrs. Norman Piper Laurie
24%
BSS 1982 Tootsie Sandy Lester Teri Garr
24%
BSS 1987 Fatal Attraction Beth Gallagher Anne Archer
22%
BSR 1975 Shampoo Lester Karpf Jack Warden
22%
BSR 1978 Heaven Can Wait Max Corkle Jack Warden
22%
BSR 1981 Only When I Laugh Jimmy Perrino James Coco
22%
BSS 1996 Secrets & Lies Hortense Cumberbatch Marianne Jean-Baptiste
22%
BSS 1979 Manhattan Tracy Mariel Hemingway
22%
BSS 1991 The Fisher King Anne Napolitano Mercedes Ruehl
22%
BSR 1991 Barton Fink Jack Lipnick Michael Lerner
22%
BSR 1977 The Turning Point Yuri Kopeikine Mikhail Baryshnikov
22%
BSR 1993 In the Name of the Father Giuseppe Conlon Pete Postlethwaite
22%
BLS 1987 Anna Anna Sally Kirkland
22%
BSS 1996 The Portrait of a Lady Madame Serena Merle Barbara hershey
20%
BSS 1980 Raging Bull Vikki LaMotta Cathy Moriarty
20%
BSR 1992 Mr. Saturday Night Stan Young David Paymer
20%
BSR 1988 Married to the Mob Tony "The Tiger" Russo Dean Stockwell
20%
BSR 1986 A Room with a View Mr. Emerson Denholm Elliott
20%
BSS 1977 Close Encounters of the Third Kind Jillian Guiler Melinda Dillon
20%
BSS 1981 Absence of Malice Teresa Perrone Melinda Dillon
20%
BSR 1982 Victor/Victoria Carroll 'Toddy' Todd Robert Preston
20%
BSR 1983 The Right Stuff Chuck Yeager Sam Shepard
20%
BSR 1987 Moonstruck Cosmo Castorini Vincent Gardenia
20%
BSS 1983 Cross Creek Beatrice 'GeeChee' Alfre Woodard
18%
BSR 1994 Bullets Over Broadway Cheech Chazz Palminteri
18%
BSR 1981 Ragtime Coalhouse Walker Jr. Howard Rollins
18%
BSS 1984 Places in the Heart Margaret Lomax Lindsay Crouse
18%
BSS 1995 Georgia Georgia Flood Mare Winningham
18%
BSS 1985 The Color Purple 'Shug' Avery Margaret Avery
18%
BLS 1976 Cousin Cousine Marthe Marie-Christine Barrault
18%
BSR 1985 Jagged Edge Sam Ransom Robert Loggia
18%
BSR 1999 The Sixth Sense Cole Sear Haley Joel Osmont
16%
BSS 1995 Apollo 13 Marilyn Lovell Kathleen Quinlan
16%
BSS 1989 Enemies, A Love Story Masha Bloch-Tortshiner Lena Olin
16%
BSS 1998 Hilary and Jackie Hilary du Pré Rachel Griffiths
16%
BSS 1993 Fearless Carla Rodrigo Rosie Perez
16%
BSS 1986 Crimes of the Heart Chick Boyle Tess Harper
16%
BSR 1985 Prizzi's Honor Don Corrado Prizzi William Hickey
16%
BSR 1984 A Soldier's Story Sgt. Vernon Waters Adolph Caesar
14%
BSS 1985 Twice in a Lifetime Sunny Mackenzie-Sobel Amy Madigan
14%
BSS 1987 Throw Momma from the Train 'Momma' Lift Anne Ramsey
14%
BSS 1987 The Whales of August Letitia 'Tisha' Benson-Doughty Ann Sothern
14%
BSS 1978 Heaven Can Wait Julia Farnsworth Dyan Cannon
14%
BSS 1992 Enchanted April Mrs. Fisher Joan Plowright
14%
BSS 1991 The Prince of Tides Lila Wingo-Newbury Kate Nelligan
14%
BSR 1985 Out of Africa Baron Bror von Blixen-Finecke and Baron Hans von Blixen-Finecke Klaus Maria Brandauer
14%
BSS 1982 Victor/Victoria Norma Cassidy Lesley Ann Warren
14%
BSS 1986 The Color of Money Carmen Mary Elizabeth Mastrantonio
14%
BSR 1980 The Great Santini Ben Meechum Michael O'Keefe
14%
BSS 1978 Coming Home Vi Munson Penelope Milford
14%
BSS 1975 Nashville Barbara Jean Ronee Blakely
14%
BSS 1975 Once Is Not Enough Linda Riggs Brenda Vaccaro
12%
BSS 1984 Swing Shift Hazel Zanussi Christine Lahti
12%
BSS 1981 Ragtime Evelyn Nesbit Elizabeth McGovern
12%
BSS 1977 The Goodbye Girl Lucy McFadden Quinn Cummings
12%
BSS 1977 Looking for Mr. Goodbar Katherine Dunn Tuesday Weld
12%
BSS 1981 Only When I Laugh Toby Landau Joan Hackett
10%
BSS 1982 Frances Lillian Farmer Kim Stanley
10%
BSS 1977 The Turning Point Emilia Rodgers Leslie Browne
10%
BSS 1975 Farewell, My Lovely Jessie Halstead Florian Sylvia Miles
10%
BSS 1980 Inside Moves Louise Diana Scarwid
8%
BSS 1980 Resurrection Pearl Harper Eva Le Gallienne
8%
BSS 1987 Gaby: A True Story Florencia Sánchez Morales Norma Aleandro
8%
No matching quizzes found
Score Distribution
Percent of People with Each Score
Percentile by Number Answered
Your Score History
You have not taken this quiz